Statistics for Provinces of Lombardy Map Quiz

Click here to take the quiz!

General Stats

  • This quiz has been taken 89 times
  • The average score is 10 of 13

Answers on the Map

Answers color-coded by a green-red scale on the quiz's map according to % correct below.
 

Answer Stats

Provincia% Correct
Milan
100%
Milan
100%
Bergamo
95%
Brescia
93%
Como
83%
Monza and Brianza
81%
Lecco
72%
Mantua
72%
Cremona
71%
Sondrio
71%
Varese
69%
Lodi
67%
Pavia
66%

Score Distribution

Percentile by Number Answered

Percent of People with Each Score

Your Score History

You have not taken this quiz